|
Answer |
do. | | 84.9% | baby, | | 84.4% | baby, | | 84.4% | baby, | | 84.4% | baby, | | 84.4% | baby, | | 84.4% | Bye, | | 83% | bye, | | 83% | bye, | | 83% | bye. | | 83% | Bye | | 83% | bye, | | 83% | bye | | 83% | bye. | | 83% | Bye | | 83% | bye, | | 83% | bye | | 83% | bye. | | 83% | love | | 82.5% | on | | 82.5% | on | | 82.5% | love | | 82.5% | on, | | 82.5% | on. | | 82.5% | love | | 82.5% | on, | | 82.5% | on. | | 82.5% | to | | 82.1% | go | | 82.1% | to | | 82.1% | go | | 82.1% | to | | 82.1% | to | | 82.1% | to | | 82.1% | to | | 82.1% | go | | 82.1% | to | | 82.1% | to | | 82.1% | to | | 82.1% | be | | 80.7% | be | | 80.7% | be | | 80.7% | be | | 80.7% | Don't | | 80.2% | don't | | 80.2% | Don't | | 80.2% | Don't | | 80.2% | don't | | 80.2% | Don't | | 80.2% | Don't | | 80.2% | don't | | 80.2% | honey, | | 79.2% | honey, | | 79.2% | honey | | 79.2% | honey, | | 79.2% | honey, | | 79.2% | honey, | | 79.2% | it | | 75% | cry | | 74.5% | cry. | | 74.5% | cry, | | 74.5% | cry. | | 74.5% | cry, | | 74.5% | cry. | | 74.5% | Though | | 73.6% | though | | 73.6% | it's | | 70.8% | So | | 70.8% | so | | 70.8% | it's | | 70.8% | so | | 70.8% | So | | 70.8% | so | | 70.8% | I'm | | 70.3% | know. | | 69.3% | know | | 69.3% | You're | | 69.3% | know | | 69.3% | you're | | 69.3% | away, | | 68.9% | away. | | 68.9% | But | | 68.4% | but | | 68.4% | but | | 68.4% | But | | 68.4% | but | | 68.4% | I'll | | 67.9% | I'll | | 67.9% | I'll | | 67.9% | I'll | | 67.9% | stay. | | 67.5% | one | | 67.5% |
|
|
Comments